Environmental studies and public policies
Αποθηκεύτηκε σε:
| Κύριος συγγραφέας: | |
|---|---|
| Μορφή: | Ηχητικό |
| Γλώσσα: | English |
| Δημοσίευση: |
Wakefield, Yorkshire :
Educational Productions,
1979.
|
| Σειρά: | Sussex tapes
|
| Θέματα: | |
| Ετικέτες: |
Προσθήκη ετικέτας
Δεν υπάρχουν, Καταχωρήστε ετικέτα πρώτοι!
|
MARC
| LEADER | 00000nim a2200000 i 4500 | ||
|---|---|---|---|
| 001 | 1/43741 | ||
| 008 | 070504s1979####us stz r eng|| | ||
| 035 | |l 10087681 | ||
| 040 | |a GR-MY-UA |b fre |e aacr | ||
| 041 | 0 | |a eng | |
| 082 | 0 | |a 333.72 |2 (22) | |
| 100 | 1 | |a O'Riordan, Timothy. | |
| 245 | 1 | 0 | |a Environmental studies and public policies |h [ηχογράφηση] / |c Timothy O'Riordan. |
| 246 | 3 | 3 | |a Environmental management |
| 260 | |a Wakefield, Yorkshire : |b Educational Productions, |c 1979. | ||
| 300 | |a 1 κασέτα ήχου (60 λεπτ.) |b αναλογ. |e 1 συμπληρωματικό φυλλάδιο | ||
| 490 | 1 | |a (Sussex tapes ; |v T14) | |
| 500 | |a Υπάρχει ψηφιακό αντίγραφο. | ||
| 650 | 0 | 0 | |a Environmental management. |
| 650 | 0 | 0 | |a Sound recordings. |
| 830 | 0 | |a Sussex tapes | |
| 852 | |a INST |b LESVOS |c AV |e 20070504 |h 333.72 ORI |p 005100037543 |q 005100037543 |t SC |y 23 | ||
| 852 | |a INST |b LESVOS |c AV |e 20070504 |h 333.72 ORI |p 005100037544 |q 005100037544 |t SC |y 23 | ||
| 901 | |a BIBL1-2006-3 | ||
| 909 | |a Λ |b 071163 | ||
| 909 | |a Λ |b 132536 | ||
| 922 | |a 1ΕΛΗ |b 199912 |c ΚΠΣ/ΤΓ |d LEADER | ||
| 950 | |a 118-1999-09-03 | ||
| 970 | |a ΚΑΡΑ |b ΓΙΑΣΕΜΗ |z 2007/05/04 | ||